Air Pollution in Europe Volume 1:Western Europe.A Collection of Country Reports on Air Pollution and National Policies (Record no. 317)

MARC details
000 -LEADER
fixed length control field 00573nam a22001937i 4500
001 - CONTROL NUMBER
control field 321
003 - CONTROL NUMBER IDENTIFIER
control field OSt
005 - DATE AND TIME OF LATEST TRANSACTION
control field 20170126082242.0
007 - PHYSICAL DESCRIPTION FIXED FIELD--GENERAL INFORMATION
fixed length control field tu
008 - FIXED-LENGTH DATA ELEMENTS--GENERAL INFORMATION
fixed length control field 161220s1988 xxu||||| |||| 00| 0 d
024 7# - OTHER STANDARD IDENTIFIER
Standard number or code 320
Source of number or code RID
040 ## - CATALOGING SOURCE
Transcribing agency OSt
084 ## - OTHER CLASSIFICATION NUMBER
Classification number 22.4
Number source z
100 1# - MAIN ENTRY--PERSONAL NAME
Personal name Rhode, Barbara
Relator term Ed.
245 00 - TITLE STATEMENT
Title Air Pollution in Europe Volume 1:Western Europe.A Collection of Country Reports on Air Pollution and National Policies
260 ## - PUBLICATION, DISTRIBUTION, ETC.
Place of publication, distribution, etc. Vienna :
Name of publisher, distributor, etc. European Coordination Centre for Research and Documentation,
Date of publication, distribution, etc. 1988.
300 ## - PHYSICAL DESCRIPTION
Extent 193 S. ;
Dimensions 21cm.
490 ## - SERIES STATEMENT
Series statement Occasional Paper
942 ## - ADDED ENTRY ELEMENTS (KOHA)
Koha item type Book
Holdings
Withdrawn status Lost status Damaged status Not for loan Home library Current library Shelving location Date acquired Inventory number Total Checkouts Full call number Barcode Date last seen Price effective from Koha item type
        WIIW WIIW Souterrain 06/16/1992 321   I-4.950 300319 01/26/2017 01/26/2017 Book
The Vienna Instiute for International Economic Studies (wiiw)